00648nam a22001937a 450000500170000001000150001702000260003203500130005803700130007108200100008410000280009424500570012226000370017927000370021630000270025394200240028099900190030495201310032320160927154111.0 aENG-116117 a9788189056292c400.00 aEN-99649 bDBAD/PUB a371.2 aTripathi, Krishna Mohan aGovernance in education /cby krishna Mohan Tripathi aAllahbadbShivam Prakashanc2015 a379A,Shivkuti bAllahbade211002 a112p. :billc22cm(Hb) 2ddccENh371.2mTRI c103693d103693 001040708NFICaAVbAVd2016-09-27eDBAD/PUBg400.00l0o371.2 TRIpEN-99649r2016-09-27 00:00:00t1v400.00w2016-09-27yEN